Percepts of people on improving measurement of community forestry at bosthom village, khna pour commune, south nikhorm district, siem rreap province, ទស្សនៈរបស់ប្រជាជនលើវិធានការកែលំអព្រៃឈើសហគមន៍ នៅភូមិបុស្សធំ ឃុំខ្នាពោធិ ស្រុកសូត្រនិគម ខេត្តសៀមរាប, (Record no. 4409)

000 -LEADER
fixed length control field 00832nam a22001577a 4500
003 - CONTROL NUMBER IDENTIFIER
control field OSt
005 - DATE AND TIME OF LATEST TRANSACTION
control field 20151211160509.0
008 - FIXED-LENGTH DATA ELEMENTS--GENERAL INFORMATION
fixed length control field 151211b xxu||||| |||| 00| 0 eng d
040 ## - CATALOGING SOURCE
Transcribing agency RUA
082 ## - DEWEY DECIMAL CLASSIFICATION NUMBER
Classification number ATMs THA 2004 B210 Or.1
100 ## - MAIN ENTRY--PERSONAL NAME
9 (RLIN) 4730
Personal name THAI KIMSONG; ថៃ គឹមសុង
245 ## - TITLE STATEMENT
Title Percepts of people on improving measurement of community forestry at bosthom village, khna pour commune, south nikhorm district, siem rreap province, ទស្សនៈរបស់ប្រជាជនលើវិធានការកែលំអព្រៃឈើសហគមន៍ នៅភូមិបុស្សធំ ឃុំខ្នាពោធិ ស្រុកសូត្រនិគម ខេត្តសៀមរាប,
260 ## - PUBLICATION, DISTRIBUTION, ETC. (IMPRINT)
Place of publication, distribution, etc. Phnom Penh
Name of publisher, distributor, etc. RUA
Date of publication, distribution, etc. 2004
300 ## - PHYSICAL DESCRIPTION
Extent vii; 52p.
Other physical details ill.
Dimensions 29cm.
942 ## - ADDED ENTRY ELEMENTS (KOHA)
Source of classification or shelving scheme
Koha item type ATM.s
Holdings
Price effective from Date last seen Permanent Location Not for loan Date acquired Source of classification or shelving scheme Koha item type Barcode Lost status Damaged status Shelving location Withdrawn status Current Location Full call number
2015-12-112015-12-11Library Block B 2015-12-11 ATM.sRUA038407  B210 Library Block BATMs THA 2004 B210 Or.1
2015-12-112015-12-11Library Block B 2015-12-11 ATM.sRUA034669  B210 Library Block BATMs THA 2004 B210 Or.2
2015-12-112015-12-11Library Block B 2015-12-11 ATM.sRUA0335640  B210 Library Block BATMs THA 2004 B210 Or.3
2015-12-112015-12-11Library Block B 2015-12-11 ATM.sRUA034237  B210 Library Block BATMs THA 2004 B210 Or.4
2015-12-112015-12-11Library Block B 2015-12-11 ATM.sRUA033468  B210 Library Block BATMs THA 2004 B210 Or.5
2015-12-112015-12-11Library Block B 2015-12-11 ATM.sRUA037875  B210 Library Block BATMs THA 2004 B210 Or.6
2015-12-112015-12-11Library Block B 2015-12-11 ATM.sRUA038197  B210 Library Block BATMs THA 2004 B210 Or.7
2015-12-112015-12-11Library Block B 2015-12-11 ATM.sRUA038436  B210 Library Block BATMs THA 2004 B210 Or.8
2015-12-112015-12-11Library Block B 2015-12-11 ATM.sRUA037859  B210 Library Block BATMs THA 2004 B210 Or.9
2015-12-112015-12-11Library Block B 2015-12-11 ATM.sRUA038496  B210 Library Block BATMs THA 2004 B210 Or.10
មជ្ឈមណ្ឌលឯការនៃសាកលវិទ្យាល័យភូមិន្ទកសិកម្មចំការដូង

Powered by Koha